| 000 | 00743cam a22002171 4500 | ||
|---|---|---|---|
| 001 | ca 11002412 | ||
| 003 | DLC | ||
| 005 | 20260227111056.0 | ||
| 008 | 780825s1910 nyu 000 0 eng | ||
| 010 | _aca 11002412 | ||
| 035 | _a(OCoLC)4167638 | ||
| 040 |
_aDLC _cNPV _dOCoLC _dDLC |
||
| 042 | _apremarc | ||
| 050 | 0 | 0 |
_aHQ1426 _b.S8 |
| 100 | 1 |
_aStanton, Elizabeth Cady, _d1815-1902. |
|
| 245 | 1 | 0 |
_aSolitude of self; _ban address delivered by Elizabeth Cady Stanton, _cbefore the United States Congressional Committee on the Judiciary, Monday, January 18, 1892, ed. by Harriot [!] Stanton Blatch. |
| 260 |
_a[New York? _c1910?] |
||
| 300 |
_a 20 p. _c18 cm. |
||
| 650 | 0 | _aWomen's rights. | |
| 700 | 1 |
_aBlatch, Harriot Stanton, _d1856-1940. |
|
| 999 |
_c14528 _d14528 |
||